[Event "Eger Tel op"]
[Site "Eger"]
[Date "2008.01.27"]
[Round "6"]
[White "Toth, Daniel"]
[Black "Guivan, Vasily"]
[Result "1-0"]
[WhiteElo "2077"]
[BlackElo "2235"]
[PlyCount "69"]
[EventDate "2008.01.24"]
[EventType "swiss"]
[EventRounds "7"]
[EventCountry "HUN"]
[SourceTitle "EXT 2011"]
[Source "ChessBase"]
[SourceDate "2010.11.26"]
[SourceVersion "1"]
[SourceVersionDate "2010.11.26"]
[SourceQuality "1"]

1. d4 Nf6 2. c4 g6 3. Nc3 Bg7 4. e4 d6 5. h3 0-0 6. Be3 e5 7. d5 a5 8. Bd3 Na6 9. Nge2 Nh5 10. g4 Nf4 11. Nxf4 exf4 12. Bxf4 Nc5 13. Bc2 Re8 14. 0-0 Qh4 15. Kg2 Bd7 16. Bg3 Qe7 17. f3 a4 18. Rb1 f5 19. Re1 Qf7 20. Qd2 Rf8 21. Rf1 Qf6 22. Rbe1 a3 23. e5 dxe5 24. Bxe5 Qb6 25. Bxg7 Kxg7 26. b3 Qf6 27. g5 Qd6 28. b4 Na4 29. c5 Qa6 30. Qd4+ Kg8 31. Re7 Rf7 32. Rxd7 Rxd7 33. Bxa4 Re7 34. Bb5 Qa7 35. d6 1-0